| 000 | 00538nam a2200193Ia 4500 | ||
|---|---|---|---|
| 008 | 180523s9999 xx 000 0 und d | ||
| 020 | _a981-254-511-5 | ||
| 050 | _aMAIN QD 253.2 | ||
| 050 | _b.B48 2004 | ||
| 100 | _aBettelheim, Frederick A. | ||
| 245 | 0 | _aIntroduction to organic and biochemistry / | |
| 245 | 0 | _cFrederick A. Bettelheim, William H. Brown, Jerry March. | |
| 250 | _a5th Edition | ||
| 260 | _bThomson Learning, | ||
| 260 | _c2004 | ||
| 300 | _a522 pages : | ||
| 300 | _c24 cm. | ||
| 500 | _aIncludes index. | ||
| 999 |
_c357529 _d357529 |
||